Statistics for Munduko herrialdeak

Click here to take the quiz!

General Stats

  • This quiz has been taken 4 times
  • The average score is 30 of 196

Answers on the Map

Answers color-coded by a green-red scale on the quiz's map according to % correct below.
 

Answer Stats

Answer% Correct
Ipar AmerikaKanada
75%
Hego AmerikaTxile
75%
AsiaTxina
75%
EuropaAlemania
50%
Hego AmerikaArgentina
50%
OzeaniaAustralia
50%
Hego AmerikaBrasil
50%
AfrikaEgipto
50%
Hego AmerikaEkuador
50%
EuropaErrumania
50%
EuropaErrusia
50%
EuropaEspainia
50%
AfrikaEtiopia
50%
EuropaFinlandia
50%
EuropaFrantzia
50%
EuropaGrezia
50%
AfrikaHegoafrika
50%
AsiaIndia
50%
EuropaIslandia
50%
AsiaIsrael
50%
EuropaItalia
50%
Hego AmerikaKolonbia
50%
EuropaKroazia
50%
Ipar AmerikaKuba
50%
AfrikaMadagaskar
50%
AfrikaMaroko
50%
Ipar AmerikaMexiko
50%
Ipar AmerikaNikaragua
50%
Ipar AmerikaPanama
50%
Hego AmerikaPeru
50%
EuropaPortugal
50%
AfrikaSenegal
50%
EuropaSuitza
50%
Hego AmerikaSurinam
50%
AsiaTurkia
50%
Hego AmerikaUruguai
50%
Ipar AmerikaAmeriketako Estatu Batuak
25%
AsiaArabiar Emirerri Batuak
25%
EuropaAustria
25%
EuropaBielorrusia
25%
Hego AmerikaBolivia
25%
EuropaDanimarka
25%
EuropaErresuma Batua
25%
EuropaEstonia
25%
Hego AmerikaGuyana
25%
AsiaIndonesia
25%
AsiaIpar Korea
25%
AsiaIran
25%
EuropaIrlandako Errepublika
25%
AsiaJaponia
25%
AfrikaKamerun
25%
AsiaKazakhstan
25%
AfrikaKongoko Errepublika
25%
AfrikaLesotho
25%
EuropaLetonia
25%
AsiaLibano
25%
EuropaLiechtenstein
25%
EuropaLuxenburgo
25%
AfrikaMali
25%
EuropaMonako
25%
AsiaMongolia
25%
AsiaNepal
25%
AfrikaNiger
25%
AsiaOman
25%
AsiaPakistan
25%
Hego AmerikaParaguai
25%
EuropaPolonia
25%
AfrikaRuanda
25%
AsiaSaudi Arabia
25%
AsiaSiria
25%
AfrikaSomalia
25%
OzeaniaTuvalu
25%
AfrikaTxad
25%
EuropaTxekia
25%
AfrikaUganda
25%
AsiaUzbekistan
25%
EuropaVatikano Hiria
25%
Hego AmerikaVenezuela
25%
AsiaVietnam
25%
AsiaYemen
25%
AsiaZipre
25%
AsiaAfganistan
0%
AfrikaAfrika Erdiko Errepublika
0%
EuropaAlbania
0%
AfrikaAljeria
0%
EuropaAndorra
0%
AfrikaAngola
0%
Ipar AmerikaAntigua eta Barbuda
0%
AsiaArmenia
0%
AsiaAzerbaijan
0%
Ipar AmerikaBahamak
0%
AsiaBahrain
0%
AsiaBangladesh
0%
Ipar AmerikaBarbados
0%
EuropaBelgika
0%
Ipar AmerikaBelize
0%
AfrikaBenin
0%
AsiaBhutan
0%
AfrikaBoli Kosta
0%
EuropaBosnia-Herzegovina
0%
AfrikaBotswana
0%
AsiaBrunei
0%
EuropaBulgaria
0%
AfrikaBurkina Faso
0%
AfrikaBurundi
0%
AfrikaCabo Verde
0%
Ipar AmerikaCosta Rica
0%
AfrikaDjibuti
0%
Ipar AmerikaDominika
0%
Ipar AmerikaDominikar Errepublika
0%
AsiaEkialdeko Timor
0%
AfrikaEkuatore Ginea
0%
Ipar AmerikaEl Salvador
0%
AfrikaEritrea
0%
EuropaEslovakia
0%
EuropaEslovenia
0%
AfrikaEswatini
0%
OzeaniaFiji
0%
AsiaFilipinak
0%
AfrikaGabon
0%
AfrikaGambia
0%
AsiaGerogia
0%
AfrikaGhana
0%
AfrikaGinea
0%
AfrikaGinea Bissau
0%
Ipar AmerikaGrenada
0%
Ipar AmerikaGuatemala
0%
Ipar AmerikaHaiti
0%
AsiaHego Korea
0%
AfrikaHego Sudan
0%
EuropaHerbehereak
0%
Ipar AmerikaHonduras
0%
EuropaHungaria
0%
EuropaIpar Mazedonia
0%
AsiaIrak
0%
Ipar AmerikaJamaika
0%
AsiaJordania
0%
AsiaKanbodia
0%
AfrikaKenya
0%
AsiaKirgizistan
0%
OzeaniaKiribati
0%
AfrikaKomoreak
0%
AfrikaKongoko Errepublika Demokratikoa
0%
EuropaKosovo
0%
AsiaKuwait
0%
AsiaLaos
0%
AfrikaLiberia
0%
AfrikaLibia
0%
EuropaLituania
0%
AfrikaMalawi
0%
AsiaMalaysia
0%
AsiaMaldivak
0%
EuropaMalta
0%
OzeaniaMarshall Uharteak
0%
AfrikaMauritania
0%
AfrikaMaurizio
0%
OzeaniaMikronesia
0%
EuropaMoldovia
0%
EuropaMontenegro
0%
AfrikaMozambike
0%
AsiaMyanmar
0%
AfrikaNamibia
0%
OzeaniaNauru
0%
AfrikaNigeria
0%
EuropaNorvegia
0%
OzeaniaPalau
0%
OzeaniaPapua Ginea Berria
0%
AsiaQatar
0%
Ipar AmerikaSaint Kitts eta Nevis
0%
Ipar AmerikaSaint Vincent eta Grenadinak
0%
OzeaniaSalomon Uharteak
0%
OzeaniaSamoa
0%
EuropaSan Marino
0%
Ipar AmerikaSanta Luzia
0%
AfrikaSao Tome eta Principe
0%
EuropaSerbia
0%
AfrikaSeychelleaka
0%
AfrikaSierra Leona
0%
AsiaSingapur
0%
AsiaSri Lanka
0%
AfrikaSudan
0%
EuropaSuedia
0%
AsiaTaiwan
0%
AsiaTajikistan
0%
AfrikaTanzania
0%
AsiaThailandia
0%
AfrikaTogo
0%
OzeaniaTonga
0%
Ipar AmerikaTrinidad eta Tobago
0%
AfrikaTunisia
0%
AsiaTurkmenistan
0%
EuropaUkraina
0%
OzeaniaVanuatu
0%
AfrikaZambia
0%
OzeaniaZeelanda Berria
0%
AfrikaZimbabwe
0%

Score Distribution

Percentile by Number Answered

Percent of People with Each Score

Your Score History

You have not taken this quiz